| 000 | 01022nam a22001337a 4500 | ||
|---|---|---|---|
| 040 | _cRUA | ||
| 082 | _aAGI TOU B513 2015 Or.1 | ||
| 100 | _aTOUCH SEAKLY; ទូច សៀកលី | ||
| 245 | _aComparison of eggplant (solanum melongena L.) varieties under sandy loamsoil condition at crop station of Royal University of Agriculture; ការប្រៀបធៀបពូជត្រប់វែងក្រោមលក្ខខ័ណ្ឌដីល្បាយខ្សាច់ នៅស្ថានីយ៍ពិសោធន៍ដំណាំនៃសាកលវិទ្យាល័យភូមិន្ទកសិកម្ម | ||
| 260 |
_aPhnom Penh _bRUA _c2015 |
||
| 300 |
_axii; 52p; _bill; _c29cm |
||
| 856 | _uTOUCH SEAKLY | ||
| 942 | _cAGR | ||
| 999 |
_c10507 _d10507 |
||